LEADER 01353nam a2200241 a 4500 001 000000108056 003 CaOOAMICUS 005 20071106144201.0 008 071106s2006 it m 000 0 ita d 040 $aPUL$bita$dLDB 100 1 $aPanizzolo, Francesco.$0(OLS)http://pul/name/66270 245 10$aDe potestate quae iure universali et constitutionibus definitur :$blinee di sviluppo storico-giuridico ed ecclesiologico del can. 596 sulla potestà negli IVC e SVA /$cFrancesco Panizzolo. 260 $aRoma :$bPontificia Università Lateranense,$c2006. 300 $axxviii, 270 p. ;$c24 cm. 500 $aIn testa al front.: Theses ad Doctoratum in Utroque Iure. 502 $aDiss. (Doct.)--Pontificia Università Lateranense, 2006. 504 $aBibliografia: p. vii-xxviii. 630 04$aCodex iuris canonici (1983).$nCanon 596.$0(OLS)http://pul/subject/33671 850 $aPUL 852 $aPUL$W1$xDP1 Tesi Pon Univ. Lateranense$y41$mTH PUL 1562$j122945$qTesi$B121924$CPULBib$Z2$F121924 $H105410 $82 941 1 $a16 996 $6245$aDe potestate quae iure universali et constitutionibus definitur :$blinee di sviluppo storico-giuridico ed ecclesiologico del can. 596 sulla potestà negli IVC e SVA$9(OLS)http://pul/title/136017 996 $6260$aRoma :$bPontificia Università Lateranense$9(OLS)http://pul/publisher/47963 LEADER 01172nam a2200313 u 4500 001 000000048680 003 CaOOAMICUS 005 20070226115027.0 008 000525s1984 it u000 u ita u 020 $a8806568957 035 $a10848421 040 $aPUL$bita 041 1 $aita$hfre 100 1 $aBarthes, Roland,$d1915-1980.$0(OLS)http://pul/name/30718 240 10$aEmpire des signes.$lItaliano.$0(OLS)http://pul/title/65588 245 12$aL'impero dei segni /$cRoland Barthes. 260 $aTorino :$bEinaudi,$c1984. 300 $a139 p. :$bill. ;$c20 cm 490 1 $aStruzzi ;$v288 500 $aContiene indici. 651 4$aGiappone$xCiviltà.$0(OLS)http://pul/subject/20544 830 4$aGli Struzzi ;$v288.$0(OLS)http://pul/title/20020 850 $aPUL 852 $aPUL$W1$xDP1 Cons. Gen., Altre Classi 1$y22$m439 F 54$j64806$nBK-PRI$b $qStampati$B64806$CPULBib$Z2$F64806 $H $81 941 1 $a8 961 $aINV: 81591 996 $6020$a8806568957$9(OLS)http://pul/number/61323 996 $6245$aL'impero dei segni$9(OLS)http://pul/title/65589 996 $6260$aTorino :$bEinaudi$9(OLS)http://pul/publisher/48130